000 00498nam a22002177a 4500
003 UA-OsUOA
001 56432
007 ta
008 20081027b un ||||| |||| 00| 0 ukr d
100 _aДідушок І.
090 _a32
_bД50
942 _cSA
040 _aUA-OsUOA
_bukr
_cUA-OsUOA
_dUA-OsUOA
245 _aБо кожен старт у Раді -фініш
300 _aС.5
955 _a0
041 _aukr
080 _a32
773 0 _w56431
650 7 _a32 Політика
_2UDC
999 _c342517
_d342517